Перейти до змісту

Конституционные основы организации юридической службы в органах публичной власти учебное пособие

Приведены цели и задачи изучения дисциплины, методические рекомендации по освоению дисциплины, программа лекционного курса, нормативно-правовые акты, список литературы, вопросы для самоподготовки по курсу, практические задания по тематике учебного курса, приведены образцы ряда документов. Предназнач...

Повний опис

Збережено в:
Бібліографічні деталі
Автор: Осетров С. А.
Формат: Книга
Мова:Russian
Опубліковано: Самара Самарский университет 2023
Онлайн доступ:https://e.lanbook.com/book/406757
https://e.lanbook.com/img/cover/book/406757.jpg
Теги: Додати тег
Немає тегів, Будьте першим, хто поставить тег для цього запису!
LEADER 02999nam0a2200289 i 4500
001 406757
003 RuSpLAN
005 20240501223942.0
008 240501s2023 ru gs 000 0 rus
020 |a 978-5-7883-1900-1 
040 |a RuSpLAN 
041 0 |a rus 
044 |a ru 
080 |a 342.5(075) 
084 |a Х400.6я7  |2 rubbk 
245 0 0 |a Конституционные основы организации юридической службы в органах публичной власти  |b учебное пособие  |c Осетров С. А. 
260 |a Самара  |b Самарский университет  |c 2023 
300 |a 308 с. 
500 |a Рекомендовано редакционно-издательским советом федерального государственного автономного образовательного учреждения высшего образования «Самарский национальный исследовательский университет имени академика С.П. Королева» в качестве учебного пособия для обучающихся по основной образовательной программе высшего образования по направлению подготовки 40.04.01 Юриспруденция 
504 |a Библиогр.: доступна в карточке книги, на сайте ЭБС Лань 
520 8 |a Приведены цели и задачи изучения дисциплины, методические рекомендации по освоению дисциплины, программа лекционного курса, нормативно-правовые акты, список литературы, вопросы для самоподготовки по курсу, практические задания по тематике учебного курса, приведены образцы ряда документов. Предназначено для обучающихся по направлению подготовки «Юриспруденция» по основным и дополнительным программам высшего образования и профессионального обучения, а также для работников юридических служб органов публичной власти. Подготовлено на кафедре государственного и административного права Самарского университета. 
521 8 |a Книга из коллекции Самарский университет - Право. Юридические науки 
521 8 |a СЭБ 
100 1 |a Осетров С. А. 
856 4 |u https://e.lanbook.com/book/406757 
856 4 8 |u https://e.lanbook.com/img/cover/book/406757.jpg 
953 |a https://e.lanbook.com/img/cover/book/406757.jpg